Guinea Bissau : EIU Country profile 2007.

Bibliographic Details
Format: Book
Published: London: The Economist Intelligence Unit, 2007.
Subjects:
LEADER 00442cam a2200145 7i4500
001 0000019608
005 20070709090000.0
022 0 0 |a 1364-7350 
090 0 0 |a GUIE 330.9   |b GUI 
245 0 0 |a Guinea Bissau :   |b EIU Country profile 2007. 
260 0 0 |a London:   |b The Economist Intelligence Unit,   |c 2007. 
300 # # |a 45 p. 
650 0 0 |a Guinea Bissau --   |x Country profile  
651 0 0 |a Guinea Bissau  
999 |a B000020579  |b Book  |c Countries  |e Business Information Centre